00741nam a22002057a 450000500170000001000150001702000260003203500140005803700090007208200130008110000250009424500780011926000440019727000660024130000260030770000250033394200270035899900190038595201310040420240701145053.0 aENG-140445 a9781107042803c750.00 aEN-123977 bDBAD a954.0317 aSing, Harleen967951 aThe Rani Of Jhansi:bGender, History and Fable in India/cby Harleen Sing aDelhibCambridge University Pressc2014 aCambridge House, 4381/4 Ansari Road, DaryaganjbDelhie110002 axi,189 p.c23cm, (hb} aSing, Harleen966297 2ddccENh954.0317mSIN c203120d203120 001040708NFICaCJbCJd2024-05-21eDBADg750.00l0o954.0317 SINpEN-123977r2024-05-21 00:00:00t1v750.00w2024-05-21yEN